|
|
|
|
| LEADER |
00715cam a2200181 7i4500 |
| 001 |
0000037721 |
| 005 |
20170218090000.0 |
| 008 |
110406 eng |
| 020 |
|
|
|a 9780955459504 (pbk.)
|
| 090 |
0 |
0 |
|a TR727
|b .W43 2007
|
| 100 |
1 |
|
|a Weston, Chris
|
| 245 |
1 |
0 |
|a Wildlife through a Nikon lens :
|b revealing the secret of professional wildlife photography
|c Chris Weston.
|
| 260 |
|
|
|a London:
|b Chris Weston Pub. Ltd.,
|c 2007.
|
| 300 |
|
|
|a 114 p.:
|b col. ill.;
|c 21 x 28 cm.
|
| 650 |
0 |
0 |
|a Photography --
|x Digital techniques
|
| 650 |
0 |
0 |
|a Wildlife photography
|
| 997 |
|
|
|a Communication, Visual Art & Computing, Faculty
|b Visual Art, Department
|
| 999 |
|
|
|a 0000044427
|b BOK
|c OPEN SHELF
|e 2nd Floor, Bestari Jaya
|